000 01062nam a2200301 i 4500
003 DO-SdBNP
005 20240305094856.0
007 ta
008 231027b2019 dr ||||| |||| 00| 0 spa d
020 _a9789945169867
040 _aDO-SdBNP
_bspa
_cBNPHU
_erda
082 4 _aRD868.44
_bM379c
_222
100 1 _aMartín Paulino, José,
_d1963-
_eautor
_934433
245 1 0 _aCafé ritual :
_bmemorias, ensayos y artículos /
_cJosé Martín Paulino ; prólogo, Juan Fermín Castillo
264 _aSanto Domingo :
_bBúho,
_c2019.
300 _a140 páginas ;
_c22 cm.
336 _2rdacontent
_atexto
_btxt
337 _2rdamedia
_asin mediación
_bn
338 _2rdacarrier
_avolumen
_bnc
500 _aIncluye datos biográficos del autor en la solapa de la cubierta
590 _aInventariado, 2023/BT
600 1 0 _aMartín Paulino, José,
_d1963-
_934433
650 4 _aEnsayos dominicanos
650 4 _aLiteratura dominicana
700 _aFermín Castillo, Juan,
_eprólogo
_984544
910 _aBtavárez/Validado. Control de calidad MFF
942 _2ddc
_cLBS1
999 _c55324
_d55324